Contribution à l'étude de l'anémie chez les hemodialyses : Cas du CNHU-HKM de Cotonou (Record no. 48073)
[ view plain ]
| 000 -LEADER | |
|---|---|
| fixed length control field | 00515nam a22001817a 4500 |
| 003 - CONTROL NUMBER IDENTIFIER | |
| control field | 0 |
| 005 - DATE AND TIME OF LATEST TRANSACTION | |
| control field | 20160609165948.0 |
| 008 - FIXED-LENGTH DATA ELEMENTS--GENERAL INFORMATION | |
| fixed length control field | 101103t xxu||||| |||| 00| 0 eng d |
| 040 ## - SOURCE DU CATALOGAGE | |
| Original cataloging agency | BUAC |
| Transcribing agency | BEPAC |
| 100 ## - VEDETTE PRINCIPALE - NOM DE PERSONNE | |
| Personal name | Tossa , Gérard Y. |
| 9 (RLIN) | 10428 |
| 130 ## - VEDETTE PRINCIPALE - TITRE UNIFORME | |
| Language of a work | fr |
| 9 (RLIN) | 10429 |
| 245 ## - TITLE STATEMENT | |
| Title | Contribution à l'étude de l'anémie chez les hemodialyses : Cas du CNHU-HKM de Cotonou |
| 260 ## - PUBLICATION, DISTRIBUTION, ETC. (IMPRINT) | |
| Place of publication, distribution, etc | UAC-EPAC |
| Name of publisher, distributor, etc | UAC-EPAC |
| Date of publication, distribution, etc | 2006 |
| 300 ## - PHYSICAL DESCRIPTION | |
| Other physical details | H-65p. |
| 650 ## - SUBJECT ADDED ENTRY--TOPICAL TERM | |
| Topical term or geographic name as entry element | HOMODIALYSE |
| 9 (RLIN) | 10430 |
| 700 ## - ADDED ENTRY--PERSONAL NAME | |
| Personal name | Atche M., Justine |
| 9 (RLIN) | 10431 |
| 942 ## - ADDED ENTRY ELEMENTS (KOHA) | |
| Koha item type | Thèse et Memoire |
| Withdrawn status | Lost status | Damaged status | Not for loan | Location (home branch) | Sublocation or collection (holding branch) | Date acquired | Source of acquisition | Koha issues (times borrowed) | Koha full call number | Piece designation (barcode) | Koha date last seen | Copy number | Price effective from | Koha item type |
|---|---|---|---|---|---|---|---|---|---|---|---|---|---|---|
| Bibliothèque Ecole Polytechnique d'Abomey-Calavi | Bibliothèque Ecole Polytechnique d'Abomey-Calavi | 03/11/2010 | Dépot légal | 26/ABM/TOS | M160298 EPAC | 03/11/2010 | 1 | 03/11/2010 | Thèse et Memoire | |||||
| Bibliothèque Ecole Polytechnique d'Abomey-Calavi | Bibliothèque Ecole Polytechnique d'Abomey-Calavi | 03/11/2010 | Dépot légal | 26/ABM/TOS | M16029 EPAC | 03/11/2010 | 2 | 03/11/2010 | Thèse et Memoire | |||||
| Bibliothèque Ecole Polytechnique d'Abomey-Calavi | Bibliothèque Ecole Polytechnique d'Abomey-Calavi | 03/11/2010 | Dépot légal | 26/ABM/TOS | M16030 EPAC | 03/11/2010 | 3 | 03/11/2010 | Thèse et Memoire |